Mystery Movie Puzzle III Quiz Stats

 Plays Quiz Updated Apr 22, 2018

Challenge
Share
Tweet
Embed
Score 0/21 Timer 10:00
3 Plays Today
Hint Answer % Correct
Five D's of Dodgeball Per Patches O'Houlihan(Dodge (x2)) Hint 1: This stylish actress has been described as a major influence on the work of fashion designer Tommy Hilfiger.
89.6%
Five D's of Dodgeball Per Patches O'Houlihan(Duck) Hint 2: Her first major role was opposite Gary Cooper in the classic Western 'High Noon.' (1952)
87.1%
Mythical Objects Sought by Indiana Jones (I-IV)(The Crystal Skulls) Hint 3: He was officially awarded knighthood by Queen Elizabeth II on New Years Day, 1980.
85.2%
Five D's of Dodgeball Per Patches O'Houlihan(Dive) Hint 3: She appeared in only eleven feature-length movies, the last of which was 'High Society' (1956) where she sang a duet with Bing Crosby.
83.2%
Mythical Objects Sought by Indiana Jones (I-IV)(The Ark of the Covenant) Hint 1: This filmmaker was born in a suburb just outside London in 1899.
82.6%
Mythical Objects Sought by Indiana Jones (I-IV)(The Holy Grail) Hint 2: French New Wave director Jean-Luc Godard once complimented this man by calling him 'a true poet' and saying, 'He never wasted a shot.'
81.8%
Pierce Brosnan Starring Bond Movies(Goldeneye) Hint 1: This actress' last public appearance was on 'The Jerry Lewis Show' in 1968, less than two weeks before her death.
80.8%
Five D's of Dodgeball Per Patches O'Houlihan(Dip) Hint 4: She retired from acting in films to marry Prince Rainier of Monaco in 1956. Their ceremony was dubbed 'The Wedding of the Century.'
75.8%
Pierce Brosnan Starring Bond Movies(Die Another Day) Hint 2: Her first ever onscreen appearance was an uncredited part in 'Miracle on 34th Street' where she played a mother disgruntled by Kris Kringle's promise to deliver a specific toy to her son for Christmas.
75.4%
Pierce Brosnan Starring Bond Movies(Tomorrow Never Dies) Hint 4: Her breakthrough role came in 1950's 'All About Eve' where she played Birdie, the wisecracking, seen-it-all maid to the stuck up Broadway actress, Margo Channing, played by Bette Davis.
70.7%
Pierce Brosnan Starring Bond Movies(The World Is Not Enough) Hint 3: Throughout her career, she was nominated for an Oscar six times for Best Supporting Actress, only to never be awarded the statuette.
65.3%
Hint Answer % Correct
Five D's of Dodgeball Per Patches O'HoulihanGrace Kelly
58%
Mythical Objects Sought by Indiana Jones (I-IV)(The Sankara Stones) Hint 4: In 2012, his film 'Vertigo' was voted the greatest film of all-time by Sight & Sound magazine, ending the 50-year reign of Welles' 'Citizen Kane' at the top of the list.
55.8%
Mythical Objects Sought by Indiana Jones (I-IV)Alfred Hitchcock
55.2%
Best Actor Noms. DiCaprio Beat to Earn First Oscar(Matt Damon) Hint 1: This actor received a Lifetime Achievement award from the Academy in 1985.
51.3%
Best Actor Noms. DiCaprio Beat to Earn First Oscar(Eddie Redmayne) Hint 2: He was placed third overall by AFI in their list of the 25 Greatest Male Screen Legends.
49.4%
Best Actor Noms. DiCaprio Beat to Earn First Oscar(Michael Fassbender) Hint 3: During WWII, he participated in at least 20 combat missions as an aviator with the USAAF, receiving numerous merits for his service.
48.1%
Best Actor Noms. DiCaprio Beat to Earn First Oscar(Bryan Cranston) Hint 4: He paired up with director Frank Capra to play George Bailey in 'It's a Wonderful Life' and Jefferson Smith in 'Mr. Smith Goes to Washington.'
47.5%
Best Actor Noms. DiCaprio Beat to Earn First OscarJimmy Stewart
45.8%
Pierce Brosnan Starring Bond MoviesThelma Ritter
45%
Mystery Movie?Rear Window (1954)
43.4%

You're not logged in!

Compare scores with friends on all Sporcle quizzes.
Join for Free
OR
Log In

You Might Also Like...

Show Comments

Extras

Top Quizzes Today


Score Distribution

Your Account Isn't Verified!

In order to create a playlist on Sporcle, you need to verify the email address you used during registration. Go to your Sporcle Settings to finish the process.

Report this User

Report this user for behavior that violates our Community Guidelines.

Details: